Doing Task-based Teaching

Збережено в:
Бібліографічні деталі
Автори: Willis, Dave (Автор), Willis, Jane (Автор)
Формат: Книга
Мова:Англійська
Опубліковано: Nueva York Oxford University Press 2007
Редагування:1a. ed
Предмети:
Теги: Додати тег
Немає тегів, Будьте першим, хто поставить тег для цього запису!

MARC

LEADER 00000nam a2200000 a 4500
001 UCH3047
003 CL-VaPUC
008 090709e20070000US |||||||||||||||||eng|d
020 |a 9780194422109 
082 0 4 |a 428  |b WIL  |2 21 
100 0 |a Willis, Dave  |e author  |9 538211 
700 0 |a Willis, Jane  |e author  |9 538212 
245 1 0 |a Doing Task-based Teaching 
250 |a 1a. ed 
300 |a 278 p 
942 |c BK 
945 |d 20090709 00:00:00  |a dcastane 
260 |a Nueva York  |b Oxford University Press  |c 2007 
650 0 |a Inglés  |9 260023 
650 0 |a Enseñanza del inglés  |9 367340 
650 0 |a Enseñanza de idiomas  |9 339820 
650 0 |a Comprensión   |9 339377 
650 0 |a Ejercicios de lectura   |9 324248 
583 |a last modification  |c 20090709 00:00:00  |k Rodrigo Vera 
999 |c 334704  |d 334702 
952 |0 0  |1 0  |4 0  |6 428_000000000000000_WIL_2007  |7 0  |8 A  |9 423840  |a FDOPOS  |b FDOPOS  |d 2019-11-22  |i 4570200  |o 428 WIL 2007  |p 4570200  |r 2025-01-22  |w 2019-11-22  |y BK  |k DLA